000
00250nam a22001097a 4500
008
170124b xxu||||| |||| 00| 0 eng d
020
_a
9780766841468
041
_a
eng
080
_2
5TH
_a
618.2
245
_a
MEDICAL ASSISTING
_c
KEIR, L
942
_2
udc
_c
BK
999
_c
3425
_d
3425